[Event "XI C.to Mondiale seniores"]
[Site "Arco ITA"]
[Date "2001.10.22"]
[Round "6"]
[White "Durao, Joaquim Manuel"]
[Black "Karasev, Vladimir I."]
[Result "0-1"]
[WhiteElo "2114"]
[BlackElo "2410"]
[PlyCount "142"]
[EventDate "2001.10.17"]

1. b3 e5 2. Bb2 d6 3. c4 f5 4. e3 Nf6 5. g3 Be7 6. Bg2 O-O 7. Ne2 Qe8 8. Nbc3
c6 9. O-O Qh5 10. f4 Na6 11. a3 Nc5 12. Nc1 Qh6 13. Qe2 Bd7 14. b4 Nce4 15. Nd3
Ng4 16. Bxe4 fxe4 17. Nxe4 Bf5 18. Ne1 Nxh2 19. Qxh2 Qxh2+ 20. Kxh2 Bxe4 21. d3
Bg6 22. e4 Bh5 23. Kh3 exf4 24. gxf4 Bf6 25. Ra2 a5 26. b5 cxb5 27. Bxf6 Rxf6
28. cxb5 Rc8 29. Rff2 Rc1 30. Nc2 Rd1 31. d4 Rd3+ 32. Kg2 Rg6+ 33. Kf1 Rd1+ 34.
Ne1 Rxd4 35. e5 dxe5 36. fxe5 Re6 37. Rad2 Rxd2 38. Rxd2 Rxe5 39. Rd8+ Re8 40.
Rd7 Be2+ 41. Kf2 Bxb5 42. Rxb7 Re2+ 43. Kf1 Re5+ 44. Kf2 a4 45. Nf3 Re2+ 46.
Kg3 Bc6 47. Rb8+ Re8 48. Rb6 Bxf3 49. Kxf3 Rc8 50. Rb4 Rc3+ 51. Kg4 Rxa3 52.
Rb8+ Kf7 53. Rb7+ Kf6 54. Ra7 Ra1 55. Kf4 g5+ 56. Kg4 Rg1+ 57. Kf3 Kg6 58. Rxa4
Kh5 59. Kf2 Rg4 60. Ra6 Rb4 61. Rc6 Rb3 62. Ra6 Kg4 63. Rh6 Rh3 64. Ra6 Rb3 65.
Rh6 Rb2+ 66. Ke3 Kg3 67. Rxh7 g4 68. Rg7 Kh3 69. Rg8 g3 70. Rg7 Kh2 71. Rg8
Rb3+ 0-1

[Event "XI C.to Mondiale seniores"]
[Site "Arco ITA"]
[Date "2001.10.22"]
[Round "6"]
[White "Ivanets, Vladimir"]
[Black "Ljuboschiz, Alexander"]
[Result "1-0"]
[WhiteElo "2132"]
[BlackElo "2205"]
[PlyCount "47"]
[EventDate "2001.10.17"]

1. e4 g6 2. d4 Bg7 3. Be3 c5 4. Ne2 Nf6 5. f3 d5 6. e5 Nfd7 7. c3 O-O 8. Qd2
Nc6 9. Na3 Qa5 10. f4 cxd4 11. Nxd4 Nxd4 12. cxd4 Qb6 13. Be2 Nb8 14. O-O Nc6
15. Nb5 Be6 16. Nc3 Rac8 17. Rad1 Rfd8 18. g4 f6 19. Na4 Qc7 20. f5 Bf7 21. e6
Be8 22. Bf4 Qa5 23. Nc5 Nxd4 24. Qxa5 1-0

[Event "XI C.to Mondiale seniores"]
[Site "Arco ITA"]
[Date "2001.10.22"]
[Round "6"]
[White "Littlewood, John Eric"]
[Black "Uhlmann, Wolfgang"]
[Result "1-0"]
[WhiteElo "2285"]
[BlackElo "2473"]
[PlyCount "139"]
[EventDate "2001.10.17"]

1. f4 d5 2. Nf3 g6 3. g3 Bg7 4. Bg2 Nf6 5. O-O O-O 6. d3 Nc6 7. c3 Bg4 8. h3
Bxf3 9. Bxf3 e5 10. fxe5 Nxe5 11. Bg2 c6 12. Be3 Re8 13. Qd2 Qe7 14. Bg5 Ned7
15. Rf2 Qc5 16. Na3 h6 17. Bxh6 Bxh6 18. Qxh6 Rxe2 19. d4 Qe7 20. Nc2 Re8 21.
Raf1 Qd6 22. Rxe2 Rxe2 23. Rf2 Qe7 24. Bf3 Re6 25. Qf4 Kg7 26. Kg2 Nb6 27. Nb4
Nc4 28. Nd3 Nd7 29. b3 Nd6 30. h4 Ne4 31. Rc2 Qd8 32. Qc1 Ndf6 33. Ne5 Nd6 34.
Qf4 Qe8 35. Rf2 Nfe4 36. Bxe4 dxe4 37. h5 gxh5 38. Qg5+ Kh7 39. Qxh5+ Rh6 40.
Qg5 f5 41. Rxf5 Nxf5 42. Qxf5+ Kg7 43. Qg5+ Kh7 44. Ng4 Rg6 45. Nf6+ Rxf6 46.
Qxf6 e3 47. Qe5 Qg6 48. Qxe3 Qc2+ 49. Kf3 Qf5+ 50. Ke2 Qc2+ 51. Qd2 Qe4+ 52.
Kf2 Kg6 53. Qe3 Qc2+ 54. Kf3 Qf5+ 55. Ke2 Qc2+ 56. Qd2 Qe4+ 57. Kf2 Kf6 58. Qe2
Qf5+ 59. Kg2 a5 60. g4 Qb1 61. Kf3 Qh1+ 62. Ke3 Kg5 63. Kd3 Qb1+ 64. Kc4 b6 65.
Qg2 Qg6 66. Qf3 Qe6+ 67. Kd3 Kh4 68. Qh1+ Kg3 69. Qe4 Qf7 70. Qf5 1-0

[Event "XI C.to Mondiale seniores"]
[Site "Arco ITA"]
[Date "2001.10.22"]
[Round "6"]
[White "Petkevich, Jusefs"]
[Black "Zhelesny, Stanislav"]
[Result "1-0"]
[WhiteElo "2440"]
[BlackElo "2258"]
[PlyCount "61"]
[EventDate "2001.10.17"]

1. Nf3 Nf6 2. d4 g6 3. c4 Bg7 4. Nc3 d5 5. cxd5 Nxd5 6. e4 Nb6 7. h3 O-O 8. Be3
Nc6 9. Qd2 f5 10. e5 e6 11. Bg5 Qd7 12. h4 h5 13. Be2 Nb4 14. O-O c5 15. dxc5
Qxd2 16. Nxd2 Nd7 17. f4 Re8 18. Nb5 Nxc5 19. Nc7 Bd7 20. Nxa8 Rxa8 21. Be7 b6
22. Rfc1 Ncd3 23. Bxd3 Nxd3 24. Rc7 Bc8 25. g3 Nxb2 26. Nf3 b5 27. Rac1 Nc4 28.
Rd1 Ba6 29. Ng5 Ne3 30. Rd8+ Rxd8 31. Bxd8 1-0

[Event "XI C.to Mondiale seniores"]
[Site "Arco ITA"]
[Date "2001.10.22"]
[Round "6"]
[White "Rotstein, Jefim"]
[Black "Kruek, Josef"]
[Result "1-0"]
[WhiteElo "2379"]
[BlackElo "2040"]
[PlyCount "63"]
[EventDate "2001.10.17"]

1. c4 Nf6 2. g3 c6 3. Bg2 d5 4. Nf3 Bf5 5. cxd5 cxd5 6. Qb3 Qc7 7. O-O e6 8. d3
Bd6 9. Nd4 Bg6 10. Nb5 Qd7 11. Nxd6+ Qxd6 12. Qxb7 Qc6 13. Qxc6+ Nxc6 14. Nc3
Rb8 15. b3 O-O 16. Bf4 Rbc8 17. Rac1 a6 18. Rfe1 h6 19. Kf1 Rfd8 20. Na4 Nd7
21. Nc5 Nxc5 22. Rxc5 Nb4 23. Rec1 Rxc5 24. Rxc5 Nxa2 25. Ra5 Nb4 26. Ra4 Nc2
27. Rxa6 Rc8 28. Rb6 Nd4 29. Be3 Rc2 30. Bxd5 Nxe2 31. Be4 Bh5 32. Rb8+ 1-0

[Event "XI C.to Mondiale seniores"]
[Site "Arco ITA"]
[Date "2001.10.22"]
[Round "6"]
[White "Titz, Heimo"]
[Black "Hoeschele, Hans-Ulrich"]
[Result "1-0"]
[WhiteElo "2306"]
[BlackElo "2176"]
[PlyCount "145"]
[EventDate "2001.10.17"]

1. c4 e5 2. g3 Bc5 3. Bg2 Nc6 4. Nc3 d6 5. e3 Nf6 6. Nge2 Qe7 7. O-O O-O 8. d4
Bb6 9. h3 Bd7 10. d5 Nd8 11. Na4 Ne8 12. Nxb6 axb6 13. e4 f5 14. exf5 Bxf5 15.
Nc3 Qd7 16. Kh2 Nf6 17. Be3 Qe7 18. a4 Nf7 19. Re1 Nd7 20. b4 Ra6 21. Qd2 Qf6
22. Ra2 Qg6 23. Bf1 Qh5 24. Qe2 Qxe2 25. Bxe2 Raa8 26. f3 Nb8 27. c5 bxc5 28.
bxc5 Na6 29. Rb2 Bc8 30. cxd6 Nxd6 31. Kg2 Nf5 32. Bb5 Nd6 33. Bf2 Nf7 34. h4
Rd8 35. g4 Rd6 36. Bg3 c6 37. dxc6 bxc6 38. Bxa6 Bxa6 39. Bxe5 Rd3 40. Bb8 Kf8
41. Ne4 Bc4 42. Rb4 Bd5 43. Bc7 Ra3 44. a5 Rc8 45. Bb6 Ne5 46. Re3 Nd3 47. Kg3
Nxb4 48. Rxa3 Na6 49. Re3 Bxe4 50. Rxe4 c5 51. Kf2 c4 52. Ke2 Nb4 53. Kd1 Nd5
54. Re5 Nxb6 55. axb6 Rb8 56. Rb5 Ke8 57. Kc2 Kd7 58. Kc3 Kc6 59. Kxc4 Rb7 60.
Rb3 g6 61. Kd4 Rd7+ 62. Ke5 Kb7 63. f4 Re7+ 64. Kf6 Re4 65. Kg5 Rd4 66. f5 gxf5
67. gxf5 Rd6 68. f6 Rd5+ 69. Kh6 Rd7 70. Rf3 Rf7 71. Kg5 Kxb6 72. Kf5 Rf8 73.
Rc3 1-0

[Event "XI C.to Mondiale seniores"]
[Site "Arco ITA"]
[Date "2001.10.22"]
[Round "6"]
[White "Vasiukov, Evgeni A."]
[Black "Klovans, Janis"]
[Result "1/2-1/2"]
[WhiteElo "2530"]
[BlackElo "2420"]
[PlyCount "33"]
[EventDate "2001.10.17"]

1. f4 d5 2. Nf3 Nf6 3. g3 c5 4. Bg2 Nc6 5. O-O g6 6. d3 Bg7 7. c3 O-O 8. Na3
Bg4 9. h3 Bxf3 10. Bxf3 e5 11. e3 e4 12. Bg2 exd3 13. Qxd3 Re8 14. Kh2 Qe7 15.
Bd2 Rad8 16. Rad1 Ne4 17. Nc2 1/2-1/2

[Event "XI C.to Mondiale seniores"]
[Site "Arco ITA"]
[Date "2001.10.22"]
[Round "6"]
[White "Zoltek, Tadeusz"]
[Black "Bukal, Vladimir sr"]
[Result "1/2-1/2"]
[WhiteElo "2298"]
[BlackElo "2437"]
[PlyCount "121"]
[EventDate "2001.10.17"]

1. c4 e5 2. Nc3 Nc6 3. g3 g6 4. Bg2 Bg7 5. d3 f5 6. e3 Nf6 7. Nge2 O-O 8. O-O
Kh8 9. Rb1 a5 10. a3 Ne7 11. c5 g5 12. f4 gxf4 13. exf4 d6 14. b4 axb4 15. axb4
dxc5 16. bxc5 Nfd5 17. Nxd5 Nxd5 18. fxe5 Bxe5 19. Qb3 Nf6 20. Qc4 c6 21. d4
Bc7 22. Bh6 Rg8 23. Bf4 Ng4 24. d5 cxd5 25. Bxd5 Rg7 26. Qd4 Qe8 27. Bxc7 Qxe2
28. Rb2 Qe8 29. Bf4 Qd8 30. Rd2 h5 31. Bf3 Qxd4+ 32. Rxd4 Kh7 33. h3 Nf6 34.
Be5 Rf7 35. Rd8 Kg6 36. Rfd1 Ra3 37. Bxh5+ Nxh5 38. Rxc8 Re7 39. Re1 Kf7 40.
Rh8 Nf6 41. Kf1 Rf3+ 42. Kg2 Rb3 43. Re2 Rb5 44. Kf3 Rxc5 45. Bd4 Rc4 46. Rxe7+
Kxe7 47. Bxf6+ Kxf6 48. Rf8+ Kg6 49. Rb8 Rb4 50. h4 Rb3+ 51. Kf4 Rb4+ 52. Kf3
Rb1 53. Kg2 Rb3 54. Rf8 Rb5 55. Kf3 Rc5 56. Rd8 Rc3+ 57. Kg2 b5 58. Rd6+ Kh5
59. Rd5 Kg4 60. Rd4+ Kh5 61. Rd5 1/2-1/2

[Event "XI C.to Mondiale seniores"]
[Site "Arco ITA"]
[Date "2001.10.24"]
[Round "7"]
[White "Bukal, Vladimir sr"]
[Black "Littlewood, John Eric"]
[Result "1-0"]
[WhiteElo "2437"]
[BlackElo "2285"]
[PlyCount "68"]
[EventDate "2001.10.17"]

1. c4 f5 2. Nf3 Nf6 3. Nc3 e6 4. g3 Be7 5. Bg2 O-O 6. O-O d6 7. d4 a5 8. Re1
Ne4 9. Qc2 Nxc3 10. Qxc3 Nc6 11. e4 e5 12. d5 Nb4 13. a3 fxe4 14. Rxe4 Bf5 15.
Re2 Qd7 16. Bg5 Bg4 17. Bxe7 Qxe7 18. Re3 Bxf3 19. Bxf3 Qf6 20. Rf1 Na6 21. b4
axb4 22. axb4 e4 23. Qxf6 Rxf6 24. Bxe4 Nxb4 25. Rb1 Ra4 26. Reb3 Na6 27. Rxb7
Nc5 28. Rb8+ Kf7 29. Bxh7 Rxc4 30. Rc8 Rf3 31. Rxc7+ Kf6 32. Re1 g6 33. Bg8
Rfc3 34. Rf7+ Kg5 1-0

[Event "XI C.to Mondiale seniores"]
[Site "Arco ITA"]
[Date "2001.10.24"]
[Round "7"]
[White "Chernikov, Oleg L."]
[Black "Kholmov, Ratmir D."]
[Result "1/2-1/2"]
[WhiteElo "2464"]
[BlackElo "2427"]
[PlyCount "33"]
[EventDate "2001.10.17"]

1. d4 d5 2. c4 e6 3. Nc3 Nf6 4. Bg5 Be7 5. e3 h6 6. Bh4 O-O 7. Nf3 Ne4 8. Bxe7
Qxe7 9. Qb3 c6 10. Bd3 Nxc3 11. Qxc3 dxc4 12. Bxc4 Nd7 13. O-O b6 14. e4 Bb7
15. Rad1 Rac8 16. Rfe1 Rfd8 17. b4 1/2-1/2

[Event "XI C.to Mondiale seniores"]
[Site "Arco ITA"]
[Date "2001.10.24"]
[Round "7"]
[White "Csom, Istvan"]
[Black "Kock, Hans-Uwe"]
[Result "1-0"]
[WhiteElo "2425"]
[BlackElo "2161"]
[PlyCount "84"]
[EventDate "2001.10.17"]

1. Nf3 Nf6 2. c4 g6 3. g3 Bg7 4. Bg2 d6 5. d4 c6 6. Nc3 O-O 7. O-O Nbd7 8. h3
e5 9. e4 Qe7 10. Re1 Ne8 11. Kh2 f5 12. exf5 gxf5 13. Bf4 e4 14. Nh4 Nb6 15.
Bf1 Qf6 16. d5 Nd7 17. f3 Nc5 18. Rc1 cxd5 19. cxd5 Bh6 20. Ng2 Bxf4 21. Nxf4
exf3 22. Qxf3 Ne4 23. Re2 Ng5 24. Qf2 Ng7 25. Bg2 Bd7 26. Rce1 Rfe8 27. Rxe8+
Bxe8 28. Qe3 Kf8 29. Ne6+ N5xe6 30. dxe6 Bc6 31. Qf4 Ke7 32. Qb4 Re8 33. Bxc6
bxc6 34. Qb7+ Kf8 35. Qxc6 Qd4 36. Qf3 Kg8 37. e7 Kh8 38. Re2 Qf6 39. Nd5 Qf7
40. Nc7 Rxe7 41. Rxe7 Qxe7 42. Qa8+ Ne8 1-0

[Event "XI C.to Mondiale seniores"]
[Site "Arco ITA"]
[Date "2001.10.24"]
[Round "7"]
[White "Hoen, Ragnar Harald"]
[Black "Dahlhaus, Friedhelm"]
[Result "1-0"]
[WhiteElo "2324"]
[BlackElo "2237"]
[PlyCount "69"]
[EventDate "2001.10.17"]

1. e4 e5 2. Nf3 Nc6 3. d4 exd4 4. Nxd4 Bc5 5. Be3 Qf6 6. c3 Nge7 7. g3 h5 8. h4
d5 9. Bg2 dxe4 10. Nd2 Bxd4 11. cxd4 Bf5 12. Nxe4 Qg6 13. Nc3 O-O 14. O-O Rad8
15. d5 Rfe8 16. Qa4 Ne5 17. Bf4 Nc8 18. Rfe1 f6 19. Qd4 Re7 20. Re3 Rde8 21.
Rae1 Nd6 22. b3 Qg4 23. Bxe5 Rxe5 24. Qxg4 Bxg4 25. Rxe5 Rxe5 26. Rc1 Re7 27.
f3 Bf5 28. Kf2 Kf7 29. Ne2 g5 30. Nd4 Kg6 31. Bf1 a6 32. Nxf5 Nxf5 33. Bd3 gxh4
34. g4 hxg4 35. fxg4 1-0

[Event "XI C.to Mondiale seniores"]
[Site "Arco ITA"]
[Date "2001.10.24"]
[Round "7"]
[White "Huguet, Bernard"]
[Black "Bebchuk, Evgeni"]
[Result "1/2-1/2"]
[WhiteElo "2141"]
[BlackElo "2335"]
[PlyCount "37"]
[EventDate "2001.10.17"]

1. c4 e5 2. Nc3 Nf6 3. g3 g6 4. Bg2 Bg7 5. Nf3 Nc6 6. d4 exd4 7. Nxd4 O-O 8.
Nxc6 bxc6 9. O-O a5 10. Qc2 Bb7 11. b3 d6 12. Bb2 Re8 13. Rad1 Nd7 14. Na4 Bxb2
15. Qxb2 Qf6 16. Qxf6 Nxf6 17. e3 Rab8 18. Nc3 Nd7 19. Na4 1/2-1/2

[Event "XI C.to Mondiale seniores"]
[Site "Arco ITA"]
[Date "2001.10.24"]
[Round "7"]
[White "Karasev, Vladimir I."]
[Black "Vasiukov, Evgeni A."]
[Result "1-0"]
[WhiteElo "2410"]
[BlackElo "2530"]
[PlyCount "85"]
[EventDate "2001.10.17"]

1. d4 Nf6 2. c4 c5 3. Nf3 cxd4 4. Nxd4 e5 5. Nb5 d5 6. cxd5 Bc5 7. N5c3 O-O 8.
e3 e4 9. Be2 Re8 10. a3 Na6 11. Nd2 Nc7 12. b4 Bf8 13. Bb2 h6 14. O-O Bf5 15.
Nb3 a6 16. Rc1 Bg6 17. Qd4 Bd6 18. Na5 Qb8 19. Nc4 Bxh2+ 20. Kh1 Nb5 21. Nxb5
axb5 22. d6 bxc4 23. Kxh2 b5 24. Rfd1 Ra6 25. Kg1 Rd8 26. Qc5 Nd7 27. Qd5 Nf6
28. Bxf6 gxf6 29. d7 f5 30. Qc5 Rxa3 31. Qe7 Ra2 32. Bxc4 bxc4 33. Rxc4 Ra8 34.
Rdc1 h5 35. Rc8 Rxc8 36. Rxc8+ Qxc8 37. dxc8=Q+ Rxc8 38. b5 Rc1+ 39. Kh2 Rb1
40. b6 f4 41. b7 fxe3 42. fxe3 Kh7 43. Qc7 1-0

[Event "XI C.to Mondiale seniores"]
[Site "Arco ITA"]
[Date "2001.10.24"]
[Round "7"]
[White "Khanukov, Boris"]
[Black "Chehlov, Aleksander"]
[Result "1-0"]
[WhiteElo "2346"]
[BlackElo "2267"]
[PlyCount "89"]
[EventDate "2001.10.17"]

1. d4 Nf6 2. c4 e6 3. Nc3 Bb4 4. Qc2 O-O 5. Bg5 c5 6. d5 b5 7. dxe6 fxe6 8.
cxb5 d5 9. a3 Ba5 10. e3 Nbd7 11. Nf3 Bb7 12. Be2 Qe7 13. O-O Bc7 14. Rad1 Qf7
15. Bh4 h6 16. Bg3 e5 17. Nd2 Qe7 18. e4 d4 19. Bc4+ Kh8 20. Nd5 Nxd5 21. Bxd5
Bxd5 22. exd5 Qd6 23. Qb3 Rab8 24. Ne4 Qg6 25. f3 a6 26. a4 axb5 27. axb5 Rb6
28. Qc4 Bd6 29. Ra1 Rfb8 30. Ra7 Qe8 31. Rfa1 Bf8 32. R1a5 R6b7 33. Rxb7 Rxb7
34. d6 Qb8 35. b4 cxb4 36. Qxb4 Qc8 37. h4 Qc2 38. Kh2 Kh7 39. Ra8 Qd3 40. Rd8
Rxb5 41. Qa4 Nb6 42. Qa2 Nc4 43. Rxf8 Rb2 44. Qxb2 Nxb2 45. d7 1-0

[Event "XI C.to Mondiale seniores"]
[Site "Arco ITA"]
[Date "2001.10.24"]
[Round "7"]
[White "Klovans, Janis"]
[Black "Rotstein, Jefim"]
[Result "1-0"]
[WhiteElo "2420"]
[BlackElo "2379"]
[PlyCount "83"]
[EventDate "2001.10.17"]

1. e4 c5 2. Nf3 e6 3. d4 cxd4 4. Nxd4 Nf6 5. Nc3 d6 6. Be2 a6 7. f4 d5 8. e5
Ne4 9. Nxe4 dxe4 10. Be3 Bd7 11. Qd2 Nc6 12. Nb3 Qc7 13. Bc5 Bxc5 14. Nxc5 Nxe5
15. Nxe4 Ng6 16. Nd6+ Kf8 17. O-O-O Bc6 18. Qb4 Ne7 19. Bf3 Bxf3 20. gxf3 h6
21. f5 a5 22. Qa3 exf5 23. Rhe1 g6 24. Qe3 b6 25. Nxf7 Kxf7 26. Qe6+ Kg7 27.
Rd7 Qf4+ 28. Kb1 Rhe8 29. Rxe7+ Rxe7 30. Qxe7+ Kg8 31. Qe6+ Kg7 32. Rg1 g5 33.
Rd1 Ra7 34. Rd6 Qxd6 35. Qxd6 Rf7 36. Qxb6 h5 37. Qxa5 g4 38. Qe5+ Kg6 39. Qe6+
Kg7 40. f4 h4 41. Qe1 g3 42. hxg3 1-0

[Event "XI C.to Mondiale seniores"]
[Site "Arco ITA"]
[Date "2001.10.24"]
[Round "7"]
[White "Krueger, Erich"]
[Black "Rahls, Peter"]
[Result "0-1"]
[WhiteElo "2216"]
[BlackElo "2321"]
[PlyCount "58"]
[EventDate "2001.10.17"]

1. d4 c5 2. d5 e5 3. e4 d6 4. Bb5+ Nd7 5. a4 Be7 6. Nf3 a6 7. Be2 Nf8 8. O-O
Ng6 9. g3 Bh3 10. Re1 h5 11. Nc3 h4 12. Nd2 Bg5 13. Nc4 Bxc1 14. Qxc1 Nh6 15.
a5 Qf6 16. Nd1 Ng4 17. Ra3 Rd8 18. Rf3 Qe7 19. Nde3 Nf6 20. Bd3 hxg3 21. hxg3
Bg4 22. Nxg4 Nxg4 23. Bf1 Nh2 24. Rb3 Nxf1 25. Kxf1 Qd7 26. Rb6 Qg4 27. Qe3
Rh1+ 28. Kg2 Nf4+ 29. Qxf4 Qh3+ 0-1

[Event "XI C.to Mondiale seniores"]
[Site "Arco ITA"]
[Date "2001.10.24"]
[Round "7"]
[White "Lieb, Harald"]
[Black "Bylino, Oleg"]
[Result "1-0"]
[WhiteElo "2301"]
[BlackElo "2238"]
[PlyCount "91"]
[EventDate "2001.10.17"]

1. Nf3 d5 2. d4 c5 3. g3 Nf6 4. Bg2 e6 5. O-O Nc6 6. c4 cxd4 7. Nxd4 Be7 8. Nc3
O-O 9. cxd5 exd5 10. Bf4 Bg4 11. h3 Be6 12. Ncb5 Qd7 13. Kh2 Nxd4 14. Nxd4 Rac8
15. Qd3 Qa4 16. Rfd1 Rfd8 17. a3 a6 18. Rac1 Qd7 19. Rxc8 Rxc8 20. Qb3 Bc5 21.
Be5 Bxd4 22. Rxd4 Qe7 23. Bxf6 Qxf6 24. Rf4 Qe5 25. Qxb7 g5 26. Rxf7 Bxf7 27.
Qxc8+ Kg7 28. Qc3 d4 29. Qd3 Qf6 30. Kg1 Be8 31. Qf3 Bb5 32. Qxf6+ Kxf6 33. Kf1
Ke5 34. Ke1 Bc4 35. b4 Bb5 36. Kd2 Bd7 37. e3 dxe3+ 38. Kxe3 Bc8 39. f4+ gxf4+
40. gxf4+ Kf6 41. h4 h6 42. Be4 Ke6 43. Kd4 Kd6 44. Bd3 Bb7 45. Bc4 Bc8 46. Ke4
1-0

[Event "XI C.to Mondiale seniores"]
[Site "Arco ITA"]
[Date "2001.10.24"]
[Round "7"]
[White "Petkevich, Jusefs"]
[Black "Zoltek, Tadeusz"]
[Result "1-0"]
[WhiteElo "2440"]
[BlackElo "2298"]
[PlyCount "72"]
[EventDate "2001.10.17"]

1. d4 d5 2. c4 e6 3. Nc3 Nf6 4. Nf3 Nbd7 5. Bg5 c6 6. e3 Qa5 7. Nd2 Bb4 8. Qc2
dxc4 9. Bxf6 Nxf6 10. Nxc4 Qc7 11. a3 Bxc3+ 12. Qxc3 O-O 13. Rc1 b6 14. Ne5 Bb7
15. Bd3 Rac8 16. O-O Rfd8 17. b4 Nd5 18. Qc2 g6 19. Qb2 Qe7 20. Rc2 f6 21. Nf3
Kg7 22. Rfc1 Qd7 23. Bf1 Ne7 24. Ne1 Nf5 25. g3 h5 26. h3 Qd6 27. Bg2 a6 28.
Nf3 g5 29. Nd2 Nxg3 30. fxg3 Qxg3 31. Nf1 Qd6 32. a4 Qd7 33. Rf2 h4 34. Nh2 Rf8
35. Ng4 Qe7 36. Rcf1 f5 1-0

[Event "XI C.to Mondiale seniores"]
[Site "Arco ITA"]
[Date "2001.10.24"]
[Round "7"]
[White "Rosen, Willy"]
[Black "Baumgartner, Heinz"]
[Result "1-0"]
[WhiteElo "2315"]
[BlackElo "2350"]
[PlyCount "135"]
[EventDate "2001.10.17"]

1. e4 d5 2. exd5 Qxd5 3. Nc3 Qa5 4. d4 c6 5. Bc4 Bf5 6. Nf3 e6 7. Bd2 Nd7 8. d5
exd5 9. Nxd5 Qd8 10. Qe2+ Be7 11. Ne3 Bg6 12. Nd4 Qc7 13. Nef5 Qe5 14. Nxe7
Qxe2+ 15. Bxe2 Nxe7 16. O-O-O Nf6 17. Bf3 O-O 18. Rhe1 Rfe8 19. Re2 Nf5 20.
Nxf5 Bxf5 21. Rde1 Rxe2 22. Rxe2 Be6 23. a4 h6 24. b3 Rd8 25. h3 Rd7 26. Be3 a6
27. c4 Rd3 28. Kc2 Bf5 29. Kb2 g5 30. g4 Be6 31. Kc2 Rd8 32. Kc3 Rc8 33. Re1
Nd7 34. Bc1 a5 35. Rd1 b5 36. Rd6 Ne5 37. Be2 bxc4 38. bxc4 Nd7 39. Be3 Kf8 40.
Rd2 Ke7 41. f4 f6 42. Bf3 gxf4 43. Bxf4 Ne5 44. Bxe5 fxe5 45. Rb2 Kd6 46. Rd2+
Kc5 47. Re2 Bxc4 48. Rxe5+ Bd5 49. Rh5 Rf8 50. Bxd5 cxd5 51. Rxh6 Rf3+ 52. Kd2
Rg3 53. Ke2 d4 54. Rh8 d3+ 55. Kf2 d2 56. Rd8 Rxh3 57. Rxd2 Ra3 58. g5 Rxa4 59.
Kf3 Rb4 60. Ra2 Kd6 61. Re2 Rb8 62. Kg4 a4 63. g6 a3 64. Kf5 Rb2 65. g7 Rb8 66.
Re3 Rg8 67. Kf6 Ra8 68. Rd3+ 1-0

[Event "XI C.to Mondiale seniores"]
[Site "Arco ITA"]
[Date "2001.10.25"]
[Round "8"]
[White "Arkhangelsky, Boris"]
[Black "Gruzmann, Boris"]
[Result "1-0"]
[WhiteElo "2416"]
[BlackElo "2288"]
[PlyCount "70"]
[EventDate "2001.10.17"]

1. d4 Nf6 2. c4 g6 3. Nc3 Bg7 4. e4 d6 5. Be2 O-O 6. Nf3 Bg4 7. Be3 Nfd7 8. Qb3
Qc8 9. Rd1 Bxf3 10. Bxf3 e5 11. dxe5 Nxe5 12. Be2 Nbc6 13. O-O a5 14. h3 Qb8
15. c5 dxc5 16. Bxc5 Rd8 17. f4 Nd7 18. Be3 Nf8 19. Rxd8 Nxd8 20. Rd1 c6 21. e5
b5 22. Ne4 Nde6 23. Bf3 Qc7 24. Rc1 Ra6 25. Nd6 Qd7 26. a4 Nc7 27. Qc2 bxa4 28.
Bxc6 Qe6 29. Qe4 Rxc6 30. Rxc6 Nd5 31. Bd2 Nb4 32. Bxb4 axb4 33. Qxb4 Qd5 34.
Qxa4 Bh6 35. Rc8 Qd2 1-0

[Event "XI C.to Mondiale seniores"]
[Site "Arco ITA"]
[Date "2001.10.25"]
[Round "8"]
[White "Baumgartner, Heinz"]
[Black "Johannessen, Svein"]
[Result "1/2-1/2"]
[WhiteElo "2350"]
[BlackElo "2265"]
[PlyCount "46"]
[EventDate "2001.10.17"]

1. c4 e5 2. Nc3 Bc5 3. Nf3 d6 4. e3 Nc6 5. d4 Bb4 6. Be2 Bxc3+ 7. bxc3 e4 8.
Nd2 Nf6 9. O-O O-O 10. f3 exf3 11. Bxf3 Re8 12. e4 Na5 13. Ba3 c5 14. dxc5 dxc5
15. Bxc5 Be6 16. Bd4 Nc6 17. Bxf6 Qxf6 18. Qc2 Rad8 19. Rad1 Qg5 20. Kh1 Rd7
21. Nb3 Rxd1 22. Rxd1 Bxc4 23. Nd4 Qa5 1/2-1/2

[Event "XI C.to Mondiale seniores"]
[Site "Arco ITA"]
[Date "2001.10.25"]
[Round "8"]
[White "Bebchuk, Evgeni"]
[Black "Ousatchi, Mark"]
[Result "1-0"]
[WhiteElo "2335"]
[BlackElo "2223"]
[PlyCount "53"]
[EventDate "2001.10.17"]

1. e4 c5 2. Nf3 d6 3. d4 cxd4 4. Nxd4 Nf6 5. Nc3 a6 6. Bc4 e6 7. Bb3 Be7 8. Qe2
Bd7 9. Be3 Nc6 10. O-O-O Na5 11. g4 Nxb3+ 12. Nxb3 O-O 13. g5 Ne8 14. h4 Bc6
15. Nd4 Rc8 16. f4 Qc7 17. h5 Bd7 18. f5 d5 19. g6 Ba3 20. Bd2 e5 21. Nxd5 Qd6
22. Nb3 Bb5 23. Qe3 Qc6 24. Bc3 Nc7 25. Rh3 Bd6 26. h6 fxg6 27. hxg7 1-0

[Event "XI C.to Mondiale seniores"]
[Site "Arco ITA"]
[Date "2001.10.25"]
[Round "8"]
[White "Dornieden, Manfred"]
[Black "Khanukov, Boris"]
[Result "0-1"]
[WhiteElo "2293"]
[BlackElo "2346"]
[PlyCount "68"]
[EventDate "2001.10.17"]

1. c4 Nf6 2. Nf3 e6 3. g3 d5 4. b3 c5 5. Bg2 Nc6 6. O-O Be7 7. Bb2 O-O 8. e3
Qc7 9. Nc3 Rd8 10. Qe2 a6 11. cxd5 exd5 12. d4 cxd4 13. Nxd4 Nxd4 14. exd4 Be6
15. Rac1 Qa5 16. Na4 Rdc8 17. Bc3 Qd8 18. Nc5 Bg4 19. f3 b6 20. Na4 Bd7 21.
Nxb6 Bb5 22. Qe3 Qxb6 23. Qxe7 Bxf1 24. Bxf1 Rc7 25. Qe3 Rac8 26. Bd2 Rxc1 27.
Bxc1 Qa5 28. a4 Qc3 29. Qxc3 Rxc3 30. Bd2 Rxf3 31. b4 Ne4 32. Bf4 Rb3 33. b5
axb5 34. axb5 Nc3 0-1

[Event "XI C.to Mondiale seniores"]
[Site "Arco ITA"]
[Date "2001.10.25"]
[Round "8"]
[White "Hecht, Hans-Joachim"]
[Black "Kaminik, Aleksandar"]
[Result "1-0"]
[WhiteElo "2418"]
[BlackElo "2245"]
[PlyCount "69"]
[EventDate "2001.10.17"]

1. d4 Nf6 2. c4 g6 3. Nc3 Bg7 4. e4 d6 5. Nf3 O-O 6. Be2 Bg4 7. Be3 Nfd7 8. Qd2
c5 9. d5 Na6 10. h4 Nf6 11. Bh6 Qa5 12. Bxg7 Kxg7 13. e5 dxe5 14. Nxe5 Bxe2 15.
Qxe2 b5 16. cxb5 Nb4 17. Nc6 Nxc6 18. dxc6 Rfd8 19. O-O Qb4 20. g3 Rd4 21. Rad1
Re8 22. Qe5 Kg8 23. Rfe1 Ng4 24. Qe2 Nf6 25. a4 Qa5 26. Qe5 Qb4 27. Kg2 Ng4 28.
Rxd4 cxd4 29. Nd5 Qxb2 30. Qe2 Qb3 31. Nxe7+ Rxe7 32. Qxe7 d3 33. c7 Qd5+ 34.
Qe4 d2 35. c8=Q+ 1-0

[Event "XI C.to Mondiale seniores"]
[Site "Arco ITA"]
[Date "2001.10.25"]
[Round "8"]
[White "Ivanets, Vladimir"]
[Black "Meszaros, Ignac"]
[Result "1-0"]
[WhiteElo "2132"]
[BlackElo "2218"]
[PlyCount "103"]
[EventDate "2001.10.17"]

1. e4 c5 2. b3 Nc6 3. Bb2 e6 4. Nf3 a6 5. e5 Nge7 6. Bd3 Qc7 7. O-O g6 8. Nc3
Nf5 9. Ne4 Be7 10. Nd6+ Kf8 11. Bxf5 gxf5 12. a4 Rg8 13. Nc4 b6 14. a5 bxa5 15.
d4 Bb7 16. dxc5 Bxc5 17. Nd6 Nd4 18. Nxb7 Qxb7 19. Bxd4 Bxd4 20. Rxa5 Bb6 21.
Ra4 Rc8 22. Qd3 Rc6 23. Rfa1 a5 24. g3 Qc7 25. c4 d6 26. Nd4 Bxd4 27. Qxd4 dxe5
28. Qd2 Rg6 29. Rxa5 f4 30. Ra8+ Kg7 31. R1a7 Qd6 32. Rd8 Qxd2 33. Rxd2 Rb6 34.
Rb2 fxg3 35. hxg3 Rf6 36. c5 Rc6 37. b4 Rf3 38. Rc2 Rb3 39. Rb7 Rc8 40. c6 Rb1+
41. Kg2 Ra1 42. b5 Raa8 43. Rd2 e4 44. Rdd7 Ra2 45. Rxf7+ Kg6 46. Kh3 Rc2 47.
Rf4 e3 48. fxe3 Rc5 49. Rg4+ Kf6 50. Rgg7 h6 51. Rgf7+ Kg6 52. Rfd7 1-0

[Event "XI C.to Mondiale seniores"]
[Site "Arco ITA"]
[Date "2001.10.25"]
[Round "8"]
[White "Kristiansen, Erling"]
[Black "Hoen, Ragnar Harald"]
[Result "1/2-1/2"]
[WhiteElo "2213"]
[BlackElo "2324"]
[PlyCount "21"]
[EventDate "2001.10.17"]

1. d4 Nf6 2. Nf3 e6 3. c4 d5 4. Bg5 Be7 5. e3 O-O 6. Nc3 b6 7. cxd5 exd5 8. Bb5
c6 9. Bd3 Bb7 10. O-O Nbd7 11. Qa4 1/2-1/2

[Event "XI C.to Mondiale seniores"]
[Site "Arco ITA"]
[Date "2001.10.25"]
[Round "8"]
[White "Rahls, Peter"]
[Black "Gerenski, Hristo"]
[Result "1-0"]
[WhiteElo "2321"]
[BlackElo "2284"]
[PlyCount "67"]
[EventDate "2001.10.17"]

1. e4 e6 2. d4 d5 3. e5 c5 4. c3 Nc6 5. Nf3 Bd7 6. Be2 Nge7 7. O-O Ng6 8. g3
Be7 9. h4 cxd4 10. cxd4 h6 11. Nc3 O-O 12. h5 Nh8 13. Bd3 f5 14. Ne2 Nf7 15.
Kg2 Ng5 16. Bxg5 hxg5 17. Rh1 Be8 18. a3 a5 19. Rc1 g6 20. hxg6 Bxg6 21. Nh2
Kg7 22. g4 Qb6 23. Qd2 Nd8 24. f4 Nf7 25. gxf5 exf5 26. Nf3 g4 27. Ng5 Rh8 28.
Rxh8 Rxh8 29. Nxf7 Kxf7 30. Qc2 Rh3 31. Bxf5 Bh7 32. Bxh7 Rh2+ 33. Kxh2 Qh6+
34. Kg1 1-0